[Event "Nakhchivan Open 2015"]
[Site "Nakhchivan AZE"]
[Date "2015.05.07"]
[Round "6.11"]
[White "Tabatabaei, M.amin"]
[Black "Mamedov, Rauf"]
[Result "1-0"]
[WhiteElo "2448"]
[BlackElo "2658"]
[PlyCount "107"]
[EventDate "2015.05.02"]
[SourceDate "2015.02.07"]

1. e4 c5 2. Nf3 Nc6 3. Nc3 g6 4. Bc4 Bg7 5. d3 d6 6. Bg5 Nf6 7. O-O h6 8. Be3
Ng4 9. Bf4 O-O 10. h3 Nge5 11. Nxe5 Nxe5 12. Bb3 Nc6 13. Be3 Nd4 14. Bc4 Bd7
15. a4 a6 16. a5 e6 17. Qd2 Kh7 18. Na4 Bxa4 19. Rxa4 Nc6 20. Bb3 Qc7 21. e5
Nxe5 22. Bxh6 Rh8 23. Bxg7 Kxg7 24. Qc3 Kg8 25. d4 Nd7 26. Qg3 Re8 27. Re1 Kg7
28. Qc3 Kg8 29. Qg3 Kg7 30. Qc3 d5 31. dxc5+ f6 32. Rb4 Nxc5 33. Rb6 Rh5 34.
Ba2 Qe7 35. g4 d4 36. Qg3 Rh7 37. b4 Reh8 38. bxc5 Rxh3 39. Qg2 Rh1+ 40. Qxh1
Rxh1+ 41. Kxh1 f5 42. Kg2 e5 43. gxf5 Qg5+ 44. Kf1 Qxf5 45. Bd5 Qxc2 46. Rxb7+
Kh6 47. Be4 Qc4+ 48. Kg2 Qe6 49. Rb6 Qg4+ 50. Kf1 Qh3+ 51. Ke2 Kg5 52. f3 d3+
53. Kxd3 Kf4 54. Rg1 1-0

[Event "Nakhchivan Open 2015"]
[Site "Nakhchivan AZE"]
[Date "2015.05.07"]
[Round "6.12"]
[White "Noroozi, Omid"]
[Black "Baklan, Vladimir"]
[Result "0-1"]
[WhiteElo "2351"]
[BlackElo "2645"]
[PlyCount "80"]
[EventDate "2015.05.02"]
[SourceDate "2015.02.07"]

1. c4 Nf6 2. Nc3 g6 3. e4 d6 4. d4 Bg7 5. Be2 O-O 6. Bg5 a6 7. Nf3 Bg4 8. Ng1
Bxe2 9. Ngxe2 c5 10. dxc5 dxc5 11. Qxd8 Rxd8 12. e5 Ng4 13. Bxe7 Re8 14. Bf6
Nxf6 15. exf6 Bxf6 16. Nd5 Bd8 17. f3 Nc6 18. Ndc3 Nb4 19. O-O Nc2 20. Rab1 Ne3
21. Rfc1 Nxc4 22. Ne4 b5 23. Nf4 f5 24. Nxc5 Bf6 25. Rd1 Bxb2 26. Nd5 Re2 27.
Kh1 Na3 28. Re1 Rc2 29. Nb4 Rxc5 30. Rxb2 a5 31. Nd3 Rc2 32. Rxc2 Nxc2 33. Rc1
Ne3 34. Re1 Nc2 35. Rb1 Rd8 36. Nc5 b4 37. h4 Rd4 38. g3 Rd5 39. Ne6 a4 40. Kh2
b3 0-1